Detroit A-Z - Statistics

General Stats
  • This quiz has been taken 28 times
  • The average score is 14 of 25
Answer Stats
Clue Answer % Correct
F Company that invented the Model T Ford
96%
E Star of the movie 8 Mile Eminem
92%
B Detroit filed for this in 2013 Bankruptcy
88%
T Detroit's MLB team Tigers
88%
M Record label with Stevie Wonder, Marvin Gaye, Diana Ross, etc. Motown
85%
D Headquarters of answer F Dearborn
81%
O Province to the south Ontario
81%
P In the Detroit style, this food is made in a square shape Pizza
81%
I Majority faith in Hamtramck Islam
77%
U Sculpture built to remember the 1967 riots: "______ We Stand" United
73%
C Lake to the east: Lake St. ____ Clair
69%
L "The Fist" monument is dedicated to this boxer Louis
65%
Y City near Detroit and Ann Arbor Ypsilanti
54%
V Ginger ale brand from Detroit Vernors
50%
J The Purple Gang was primarily made up of ______ gangsters Jewish
46%
N "Motor City Madman" guitarist Nugent
46%
W County that Detroit is part of Wayne
46%
G District with the Hollywood Casino Greektown
31%
S What Détroit means in English Strait
27%
R Headquarters of General Motors: ___________ Center Renaissance
23%
H Detroit: Become _____ Human
19%
Q Streetcar system created in 2017 QLine
19%
K Famous architect: Albert ____ Kahn
15%
A Ethnic group of the Chaldeans Assyrian
12%
Z 10-story artistic parking garage Z Lot
12%
No matching quizzes found
Score Distribution
Percent of People with Each Score
Percentile by Number Answered
Your Score History
You have not taken this quiz